LEADER 00781nam 2200253 450 001 9910423757203321 005 20201124151842.0 010 $a9788849006834 100 $a20201124d2020----u y0engy50 ba 101 0 $aita 102 $aIT 105 0 $a 00 200 1 $aAbbracciare con lo sguardo$ecronache del reparto covid$fMichela Chiarlo [et al...]$gpresentazione di Lucia Fontanella 210 $aRoma$cIl Pensiero Scientifico Editore$d2020 215 $a123 p.$d22 cm 610 0 $aNarrativa italiana 610 0 $aEpidemia$aAspetti psicosociali 676 $a853.92$v22$zita 700 1$aChiarlo,$bMichela$0789630 912 $a9910423757203321 952 $a853.92 CHI 1$b7535$fbfs 959 $aBFS 996 $aAbbracciare con lo sguardo$91761649 997 $aUNINA LEADER 01566nam 2200373Ia 450 001 996386151103316 005 20200824132000.0 035 $a(CKB)4940000000076988 035 $a(EEBO)2264215621 035 $a(OCoLC)ocm12395562e 035 $a(OCoLC)12395562 035 $a(EXLCZ)994940000000076988 100 $a19850816d1662 uy | 101 0 $aeng 135 $aurbn||||a|bb| 200 13$aAn antidote against swearing$b[electronic resource] $eto which is annexed an appendix concerning an assertory and promissory oath in reference to the stature of the two now flourishing sister universities : also a short catalogue of some remarkable judgments from God upon blasphemers, &c. /$fby R. Boreman .. 210 $aLondon $cPrinted for R. Royston ...$d1662 215 $a[14], 167 p 300 $aPages 147-158 are missing in the filmed copy. Pages 140-167 photographed from Yale University Library copy and inserted at the end. 300 $aReproduction of original in Union Theological Seminary Library, New York. 300 $a"A brief appendix concerning the nature of a promissory and assertory oath": p. 137-147. 300 $a"A catalogue or list of Gods judgements upon blasphemers and others": p. 159-167. 330 $aeebo-0160 606 $aSwearing 615 0$aSwearing. 700 $aR. B$g(Robert Boreman),$fd. 1675.$01002713 801 0$bEAA 801 1$bEAA 801 2$bm/c 801 2$bWaOLN 906 $aBOOK 912 $a996386151103316 996 $aAn antidote against swearing$92354802 997 $aUNISA